000 00738nam a2200217Ia 4500
005 20241216011356.0
008 190429s9999||||xx |||||||||||||| ||und||
020 _aEW
082 _a370.19
_bM58
100 _aMILLA ESTRADA VICTOR, PINEDA JANAMPA WALTER ADRIAN
245 0 _aRASGOS SOCIO - EDUCATIVOS DE LOS ALUMNOS DE LA INSTITUCION EDUCATIVA SAN JUAN - ONDORES
250 _a0
260 _aCERRO DE PASCO-PERU
_bUNDAC
_c2007
300 _a93 pag.
_c30 cm.
341 _h0
490 _v0
_a0
505 _aPLANTEAMIENTO DEL PROBLEMA/MARCO TEORICO/METODOLOGIA/PRESENTACION E INTERPRETACION DE RESULTADOS/CONCLUSIONES/SUGERENCIAS
541 _aD
_bMILLA ESTRADA VICTOR
_d18-Feb-09
_oSoles
650 _aEducación
942 _cTESIS
999 _c40157
_d40157